Sons and lovers / (Record no. 16522)

000 -LEADER
fixed length control field 00731cam a2200229 a 4500
020 ## - INTERNATIONAL STANDARD BOOK NUMBER
ISBN 0521242762
020 ## - INTERNATIONAL STANDARD BOOK NUMBER
ISBN 0521285763 (pbk.)
040 ## - CATALOGING SOURCE
Transcribing agency DLC
082 00 - DEWEY DECIMAL CLASSIFICATION NUMBER
Classification number 823 CAM 1992 A120 Or.
100 1# - MAIN ENTRY--AUTHOR NAME
Personal name Lawrence, D. H.
245 10 - TITLE STATEMENT
Title Sons and lovers /
260 ## - PUBLICATION, DISTRIBUTION, ETC. (IMPRINT)
Place of publication Cambridge [England] ;
-- New York :
Name of publisher Cambridge University Press,
Year of publication 1992.
300 ## - PHYSICAL DESCRIPTION
Number of Pages lxxxi, 675 p. ;
Dimensions 23 cm.
490 1# - SERIES STATEMENT
Series statement The Cambridge edition of the letters and works of D.H. Lawrence
650 #0 - SUBJECT ADDED ENTRY--TOPICAL TERM
Topical Term Working class families
650 #0 - SUBJECT ADDED ENTRY--TOPICAL TERM
Topical Term Young men
700 1# - ADDED ENTRY--PERSONAL NAME
Personal name Baron, Helen.
700 1# - ADDED ENTRY--PERSONAL NAME
Personal name Baron, Carl.
856 42 - ELECTRONIC LOCATION AND ACCESS
Uniform Resource Identifier http://www.loc.gov/catdir/description/cam024/91012669.html
856 41 - ELECTRONIC LOCATION AND ACCESS
Uniform Resource Identifier http://www.loc.gov/catdir/toc/cam028/91012669.html
942 ## - ADDED ENTRY ELEMENTS (KOHA)
Koha item type សៀវភៅភាសាអង់គ្លេស
952 ## - LOCATION AND ITEM INFORMATION (KOHA)
Withdrawn status [LOCAL, KOHA] 0
Holdings
Permanent Location Date acquired Koha item type Lost status Shelving location Barcode Current Location Full call number
Library Block A2018-03-05សៀវភៅភាសាអង់គ្លេស A110A25915Library Block A823 CAM 1992 A110 Or.
មជ្ឈមណ្ឌលឯការនៃសាកលវិទ្យាល័យភូមិន្ទកសិកម្មចំការដូង

Powered by Koha